000 00433nam a2200181Ia 4500
001 3994
005 20260306145723.0
008 260306t2005||||xx |||||||||||||| ||spa||
041 _aESP
082 _a306.0985
_bW79
100 _aWood, David
_eAUT
245 0 _aDe sabor nacional:
_bel impacto de la cultura popular en el PerĂº
260 _c2005
300 _a
_c
650 _aGEN
654 _aCHU
942 _cLIB
_dJUS
_fJUS
_2ddc
_n
999 _c3994
_d3994